Distribution maps of plant diseases (Record no. 219252)
[ view plain ]
| 000 -CABECERA | |
|---|---|
| campo de control de longitud fija | 00469nas a2200169 c 4500 |
| 005 - FECHA Y HORA DE LA ÚLTIMA TRANSACCIÓN | |
| campo de control | 20231010125057.0 |
| 008 - DATOS DE LONGITUD FIJA--INFORMACIÓN GENERAL | |
| campo de control de longitud fija | 231010t1997 xxk u|p| |||| 00| 0 eng d |
| 022 ## - NÚMERO INTERNACIONAL NORMALIZADO PARA PUBLICACIONES SERIADAS | |
| Número Internacional Normalizado para Publicaciones Seriadas | 0012-369X |
| 040 ## - FUENTE DE LA CATALOGACIÓN | |
| Centro catalogador/agencia de origen | CHAP |
| 090 ## - LOCALMENTE ASIGNADO TIPO-LC NÚMERO DE CLASIFICACIÓN (OCLC); NÚMERO DE CLASIFICACIÓN LOCAL (RLIN) | |
| Número de clasificación (OCLC) (R) ; Numero de clasificación, CALL (RLIN) (NR) | Revista |
| 245 ## - MENCIÓN DE TÍTULO | |
| Título | Distribution maps of plant diseases |
| Mención de responsabilidad, etc. | / CAB International |
| 260 ## - PUBLICACIÓN, DISTRIBUCIÓN, ETC. | |
| Lugar de publicación, distribución, etc. | Reino Unido : |
| Nombre del editor, distribuidor, etc. | Cabi Publishing, |
| Fecha de publicación, distribución, etc. | 1997- |
| 300 ## - DESCRIPCIÓN FÍSICA | |
| Extensión | v. |
| 650 #0 - PUNTO DE ACCESO ADICIONAL DE MATERIA--TÉRMINO DE MATERIA | |
| 9 (RLIN) | 172815 |
| Término de materia o nombre geográfico como elemento de entrada | Plantas |
| Subdivisión general | enfermedades |
| 650 #0 - PUNTO DE ACCESO ADICIONAL DE MATERIA--TÉRMINO DE MATERIA | |
| 9 (RLIN) | 172193 |
| Término de materia o nombre geográfico como elemento de entrada | Plantas |
| Subdivisión general | Plagas |
| 942 ## - ELEMENTOS DE PUNTO DE ACCESO ADICIONAL (KOHA) | |
| Fuente del sistema de clasificación o colocación | Dewey Decimal Classification |
| Estado de retiro | Estado de pérdida | Fuente del sistema de clasificación o colocación | Estado dañado | Restricciones de uso | No para préstamo | Código de colección | Localización permanente | Ubicación/localización actual | Ubicación en estantería | Fecha de adquisición | Enumeración/cronología de publicación seriada | Total de préstamos | Signatura topográfica completa | Código de barras | Fecha visto por última vez | Precio válido a partir de | Tipo de ítem Koha |
|---|---|---|---|---|---|---|---|---|---|---|---|---|---|---|---|---|---|
| Clasificación Universidad Autónoma de Chapingo | Préstamo interno | Publicaciones seriadas | Biblioteca Central | Biblioteca Central | Planta baja - Hemeroteca | 11/10/2023 | Abril 1998 | Revista | BC-H-00003048 | 11/10/2023 | 11/10/2023 | Publicaciones seriadas |
